000 00391nam a22001697a 4500
005 20160629140309.0
008 160629b xxu||||| |||| 00| 0 eng d
020 _a81-85749-71-X
041 _aeng
082 _b12328
100 _aVerma A.P
_93202
245 _aIndustrial Engineering Mgt
260 _bKatson
_c2012
300 _a804
650 _aDiploma Engineering
_9817
942 _cBK
999 _c4702
_d4700